000 00455nam a2200181Ia 4500
001 7780
005 20260306160520.0
008 260306t2005||||xx |||||||||||||| ||spa||
041 _aESP
082 _aS 362.1
_bL87
100 _aLópez Linares, Roberto
_eAUT
245 0 _aLa salud pública en riesgo:
_bLos medicamentos en el TLC
260 _c2005
300 _a47 páginas :
_c27 cm.
650 _aGEN
654 _aCAN
942 _cLIB
_dJUS
_fJUS
_2ddc
_n
999 _c7780
_d7780